Slovenská republika ako spoluaktér politiky EÚ na Západnom Balkáne

Analýza procesu identifikácie nových priorít zahraničnej politiky Slovenskej republiky po vstupe do EÚ a jej prínos pri tvorbe a realizácii politiky EÚ na Západnom Balkáne. Nástroje jej pôsobenia v tomto regióne.

Salvato in:
Dettagli Bibliografici
Autore principale: Weiss, Peter
Natura: Capitolo di libro
Lingua:slovacco
Soggetti:
Tags: Aggiungi Tag
Nessun Tag, puoi essere il primo ad aggiungerne!!

MARC

LEADER 00000naa$a2200000$$$4500
001 0053859
005 20240502071625.7
041 0 |a slo 
044 |a SK 
245 1 0 |a Slovenská republika ako spoluaktér politiky EÚ na Západnom Balkáne  |c Peter Weiss 
520 |a Analýza procesu identifikácie nových priorít zahraničnej politiky Slovenskej republiky po vstupe do EÚ a jej prínos pri tvorbe a realizácii politiky EÚ na Západnom Balkáne. Nástroje jej pôsobenia v tomto regióne. 
610 2 0 |a Slovensko 
610 2 0 |a politika medzinárodná 
610 2 0 |a politika zahraničná 
610 2 0 |a Balkán 
610 2 0 |a Európska únia 
610 2 0 |a záujmy ekonomické 
100 1 |a Weiss, Peter